Efektívnosť slovenského poľnohospodárstva po vstupe do Európskej únie

Vstup SR do EÚ významne zmenil podnikateľské prostredie aj v odvetví poľnohospodárstva. Na veľkom európskom agrárnom a potravinárskom trhu sa môžu presadiť len výrobcovia disponujúci konkurenčnou výhodou a schopnosťou ju využiť. Článok sa venuje analýze vplyvu prevzatia Spoločnej poľnohospodárskej p...

Ausführliche Beschreibung

Gespeichert in:
Bibliographische Detailangaben
1. Verfasser: Grznár, Miroslav
Format: Buchkapitel
Sprache:Slowakisch
Schlagworte:
Tags: Tag hinzufügen
Keine Tags, Fügen Sie das erste Tag hinzu!

MARC

LEADER 00000naa$a2200000$$$4500
001 0074602
005 20240502071900.2
041 0 |a slo 
044 |a SK 
245 1 0 |a Efektívnosť slovenského poľnohospodárstva po vstupe do Európskej únie  |c Miroslav Grznár 
520 |a Vstup SR do EÚ významne zmenil podnikateľské prostredie aj v odvetví poľnohospodárstva. Na veľkom európskom agrárnom a potravinárskom trhu sa môžu presadiť len výrobcovia disponujúci konkurenčnou výhodou a schopnosťou ju využiť. Článok sa venuje analýze vplyvu prevzatia Spoločnej poľnohospodárskej politiky EÚ na konkurencieschopnsť a efektívnosť slovenských podnikov. Výsledky potvrdzujú značnú disparitu dosahovaných výsledkov, ktorá je dôsledkom diferencovaných manažérskych kompetencií riadiacich pracovníkov podnikov. 
610 2 0 |a podnik poľnohospodársky 
610 2 0 |a Slovensko 
610 2 0 |a konkurencieschopnosť 
610 2 0 |a výhody konkurenčné 
610 2 0 |a výkony podnikové 
610 2 0 |a efektívnosť 
610 2 0 |a spotreba 
610 2 0 |a Európska únia 
100 1 |a Grznár, Miroslav